000 00321nam a2200133 i 4500
001 bg
100 1 _aROSATI, D.
245 0 _aPodejmowanie decyzji w organizacjach gospodarczych /
_cD. Rosati.
260 _aWarszawa,
_c1977.
040 _cBPK
041 _apol
942 _cKS
008 s pl f |000 0 pol
999 _c2233
_d2233
856 _uhttp://koha.tu.koszalin.pl/cgi-bin/koha/opac-detail.pl?biblionumber=2233
_yKatalog online BPK